Statistics for English Test Cricketers NOT Born In England (Since 2000)

Click here to take the quiz!

General Stats

  • This quiz has been taken 288 times
    (279 since last reset)
  • The average score is 8 of 19

Answer Stats

BirthplaceTest CareerAnswer% Correct
Pitermaritzburg, South Africa2005-2014Kevin Pietersen
88%
Dublin, Ireland2010-2012Eoin Morgan
84%
Christchurch, New Zealand2013-pres.Ben Stokes
82%
Johannesburg, South Africa2004-2012Andrew Strauss
68%
Madras (Chennai), India1990-2004Nasser Hussain
61%
Cape Town, South Africa2009-2015Jonathan Trott
59%
Barbados2014-2015Chris Jordan
54%
Salisbury (Harare), Rhodesia (Zimbabwe)1991-2001Graeme Hick
43%
Johannesburg, South Africa2007-2014Matt Prior
39%
Kundiawa, Papua New Guinea2004-2006Geraint Jones
38%
Londonderry/Derry, Northern Ireland2014Boyd Rankin
37%
Harare, Zimbabwe2014-pres.Gary Ballance
34%
Christchurch, New Zealand1993-2003Andy Caddick
26%
Karachi, Pakistan2006-2009Owais Shah
24%
Copenhagen, Denmark2009Amjad Khan
19%
Paddington, NSW, Australia2014Sam Robson
17%
Durban, South Africa2012-2016Nick Compton
13%
Newcastle, NSW, Australia2008-2009Tim Ambrose
8%
Rawalpindi, Pakistan2001Usman Afzaal
8%

Score Distribution

Percentile by Number Answered

Percent of People with Each Score

Your Score History

You have not taken this quiz since the last reset